000 00722nam a2200253Ia 4500
003 OSt
005 20220918192649.0
006 a|||||r|||| 00| 0
007 ta
008 220917b |||||||| |||| 00| 0 eng d
024 _a69,498
037 _cTextual
040 _aARTS
_cARTS
_beng
041 _2eng
_aeng
082 _aQ4x, 498L3 (Q4)
100 _aLama Longdol
_979710
245 0 _aCollected works ed by Lokesh Chandra
260 _aNew Delhi
_bInternational Academy of Indian Culture
_c1973
300 _a1513p.
_ccm.
490 _aSatapitaka series : Indo Asian literatures; 100
650 _aRELIGION
942 _hQ4x, 498L3 (Q4)
_cTEXL
_2CC
999 _c195640
_d195640